|
|
|
|
| LEADER |
00000nab a2200000 ar4500 |
| 001 |
vtls009939686 |
| 003 |
SK-MaSNL |
| 005 |
20260318114910.0 |
| 008 |
090813c2009 xo |||||||| 000 b|hun |
| 015 |
|
|
|a SNBRB2009/08
|2 snkbucl
|
| 038 |
|
|
|a SNKBUCL
|
| 040 |
|
|
|a DSZK
|b slo
|c DSZK
|e AACR2
|
| 041 |
0 |
|
|a hun
|
| 044 |
|
|
|a xo
|c SK
|
| 080 |
|
|
|a 82:929:821.511.141:069
|2 2001
|
| 080 |
|
|
|a 821.511.141:929:069
|2 2001
|
| 080 |
|
|
|a 82:069
|2 2001
|
| 080 |
|
|
|a 069.6.02:929
|x (439)
|2 2001
|
| 080 |
|
|
|a 069.5:39
|x (=162.4)
|x (439)
|2 2001
|
| 100 |
1 |
|
|a Kövesdi, Károly,
|d 1953-
|4 aut
|9 264403
|
| 245 |
1 |
0 |
|a A kiskőrösi "emlékezetes hajlék"
|c Kövesdi Károly
|
| 300 |
|
|
|b Fotogr.
|
| 600 |
1 |
7 |
|a Petőfi, Sándor,
|d 1823-1849
|2 snkbucl
|9 87509
|
| 610 |
2 |
7 |
|a Rodný dom a Pamätné múzeum Sándora Petőfiho (Malý Kereš, Maďarsko)
|2 snkbucl
|9 1617876
|
| 610 |
2 |
7 |
|a Slovenský pamätný dom (Malý Kereš, Maďarsko)
|2 snkbucl
|9 1617877
|
| 650 |
0 |
7 |
|a rodné domy
|2 SNKPH
|9 91319
|
| 650 |
0 |
7 |
|a významné domy
|2 snkbucl
|9 121884
|
| 651 |
|
7 |
|a Malý Kereš (Maďarsko)
|2 snkbucl
|9 83800
|
| 651 |
|
7 |
|a Malý Kereš (Maďarsko)
|2 snkbucl
|9 83800
|
| 773 |
0 |
|
|t Vasárnap
|g Évf. 42, sz. 32 (2009), o. 22-23
|
| 852 |
|
|
|a SNK
|b KIS3GCP
|
| 852 |
|
|
|a DSZK
|b KIS3GCP
|
| 958 |
|
|
|a HU
|
| 958 |
|
|
|a SK
|
| 958 |
|
|
|a LX
|
| 999 |
|
|
|c 3333528
|d 3335458
|